Tesoros de los Palacios Reales de España (Record no. 6991)

MARC details
000 -CABECERA
campo de control de longitud fija 00900nam a2200241 a 4500
001 - NÚMERO DE CONTROL
campo de control BRCA_7315
005 - FECHA Y HORA DE LA ÚLTIMA TRANSACCIÓN
campo de control 20190320205805.0
008 - DATOS DE LONGITUD FIJA--INFORMACIÓN GENERAL
campo de control de longitud fija 040712s2011----mx-a######---#000-0#spa-#
020 ## - NÚMERO INTERNACIONAL ESTÁNDAR DEL LIBRO
Número Internacional Estándar del Libro 9789685546256
020 ## - NÚMERO INTERNACIONAL ESTÁNDAR DEL LIBRO
Número Internacional Estándar del Libro 9788415272175
020 ## - NÚMERO INTERNACIONAL ESTÁNDAR DEL LIBRO
Número Internacional Estándar del Libro 9788471204707
041 ## - CÓDIGO DE LENGUA
Código de lengua del texto/banda sonora o título independiente spa
050 #4 - SIGNATURA TOPOGRÁFICA DE LA BIBLIOTECA DEL CONGRESO
Número de documento/Ítem T47 2011
245 10 - MENCIÓN DE TÍTULO
Título Tesoros de los Palacios Reales de España
Resto del título una historia compartida.
260 ## - PUBLICACIÓN, DISTRIBUCIÓN, ETC.
Lugar de publicación, distribución, etc. México
Nombre del editor, distribuidor, etc. Chapa
Fecha de publicación, distribución, etc. 2011
300 ## - DESCRIPCIÓN FÍSICA
Extensión 735 p.
Otras características físicas il. a color
Dimensiones 35 cm.
500 ## - NOTA GENERAL
Nota general Incluye lista de autores de fichas catalográficas
500 ## - NOTA GENERAL
Nota general Incluye piezas de la colección Franz Mayer: p. 12, 24, 662, 664, 666, 668, 670, 672, 674, 678, 680, 682, 684, 686, 688, 690, 692, 694, 696, 698, 700, 718 y 722
504 ## - NOTA DE BIBLIOGRAFÍA, ETC.
Nota de bibliografía, etc. Bibliografía: p. 724-735
650 14 - PUNTO DE ACCESO ADICIONAL DE MATERIA--TÉRMINO DE MATERIA
Término de materia o nombre geográfico como elemento de entrada Palacios
Subdivisión general Arquitectura
Subdivisión geográfica España
9 (RLIN) 11299
650 14 - PUNTO DE ACCESO ADICIONAL DE MATERIA--TÉRMINO DE MATERIA
Término de materia o nombre geográfico como elemento de entrada Palacios
Subdivisión general Decoración interior
Subdivisión cronológica Siglo XIII-XIX
Subdivisión geográfica España
9 (RLIN) 18088
942 ## - ELEMENTOS DE PUNTO DE ACCESO ADICIONAL (KOHA)
Fuente del sistema de clasificación o colocación Library of Congress Classification
Tipo de ítem Koha Libros
Holdings
Estado de retiro Estado de pérdida Estado dañado No para préstamo Localización permanente Ubicación/localización actual Fecha de adquisición Total de préstamos Signatura topográfica completa Código de barras Fecha visto por última vez Precio válido a partir de Tipo de ítem Koha
El ejemplar forma parte de la colección y puede ser consultado según las políticas vigentes.       Biblioteca del Museo Franz Mayer (Rogerio Casas-Alatriste) Biblioteca del Museo Franz Mayer (Rogerio Casas-Alatriste) 04/07/2012   T47 2011 00664 22/03/2019 22/03/2019 Libros